| 000 | 00531nam a22001937a 4500 | ||
|---|---|---|---|
| 005 | 20260410082014.0 | ||
| 008 | 260410b |||||||| |||| 00| 0 eng d | ||
| 020 |
_a978-93-5849-485-3 _c250.00 |
||
| 040 | _aMAIN | ||
| 041 | _aasm | ||
| 082 |
_a891.45 _bCHU |
||
| 100 | _aChutia, Ashim. | ||
| 245 |
_aAsomiya Sahityar Gati Prakiti (Trend and Tendencies of Assamese Literature) _cBy Ashim Chutia. |
||
| 250 | _a1st ed. | ||
| 260 |
_aDibrugarh: _bBanalata _c2025. |
||
| 300 | _a303p. | ||
| 650 | _aAssamese | ||
| 942 |
_2ddc _cBK |
||
| 999 |
_c16334 _d16334 |
||